10 bước thực hành trở thành chuyên gia bán hàng thành công = 10 steps to successful sales

Sách cung cấp nội dung về cách đạt hiệu quả cao trong việc bán hàng, cách đạt hiệu suất cao và các việc làm để trở thành cố ván đáng tin cậy.

Αποθηκεύτηκε σε:
Λεπτομέρειες βιβλιογραφικής εγγραφής
Κύριος συγγραφέας: Lambert, Brian
Άλλοι συγγραφείς: Trương Ngọc Vân (Dịch)
Μορφή: Βιβλίο
Γλώσσα:Vietnamese
Έκδοση: H. Hồng Đức 2022
Θέματα:
Ετικέτες: Προσθήκη ετικέτας
Δεν υπάρχουν, Καταχωρήστε ετικέτα πρώτοι!
Thư viện lưu trữ: Thư viện Trường Đại học Nam Cần Thơ
LEADER 01709nam a22002537a 4500
001 NCT_4_009451
008 240617b xxu||||| |||| 00| 0 vie d
999 |c 8415  |d 8415 
020 |a 9786043519389  |c 135000 
082 0 4 |2 23rd ed.  |a 658.85  |b L222 
100 1 |a Lambert, Brian 
245 1 0 |a 10 bước thực hành trở thành chuyên gia bán hàng thành công =  |b 10 steps to successful sales  |c Brian Lambert; Trương Ngọc Vân (dịch) 
260 |a H.  |b Hồng Đức  |c 2022 
300 |a 374 tr.  |b minh họa  |c 21cm 
520 3 |a Sách cung cấp nội dung về cách đạt hiệu quả cao trong việc bán hàng, cách đạt hiệu suất cao và các việc làm để trở thành cố ván đáng tin cậy. 
653 |a Quản trị kinh doanh 
700 1 |a Trương Ngọc Vân  |e Dịch 
942 |2 ddc  |c BK 
952 |0 0  |1 0  |2 ddc  |4 0  |6 658_850000000000000_L222  |7 0  |9 29044  |a 000001  |b 000001  |d 2024-06-17  |o 658.85 L222  |p MD.22570  |r 2024-06-17  |v 135000.00  |w 2024-06-17  |y BK 
952 |0 0  |1 0  |2 ddc  |4 0  |6 658_850000000000000_L222  |7 0  |9 29045  |a 000001  |b 000001  |d 2024-06-17  |o 658.85 L222  |p MD.22571  |r 2024-06-17  |v 135000.00  |w 2024-06-17  |y BK 
952 |0 0  |1 0  |2 ddc  |4 0  |6 658_850000000000000_L222  |7 0  |9 29046  |a 000001  |b 000001  |d 2024-06-17  |o 658.85 L222  |p MD.22572  |r 2024-06-17  |v 135000.00  |w 2024-06-17  |y BK 
952 |0 0  |1 0  |2 ddc  |4 0  |6 658_850000000000000_L222  |7 0  |9 29047  |a 000001  |b 000001  |d 2024-06-17  |o 658.85 L222  |p MD.22573  |r 2024-06-17  |v 135000.00  |w 2024-06-17  |y BK 
952 |0 0  |1 0  |2 ddc  |4 0  |6 658_850000000000000_L222  |7 0  |9 29048  |a 000001  |b 000001  |d 2024-06-17  |o 658.85 L222  |p MD.22574  |r 2024-06-17  |v 135000.00  |w 2024-06-17  |y BK 
980 |a Thư viện Trường Đại học Nam Cần Thơ